Pays de Naissance Kpop #1 - Statistiques

Statistiques générales
  • Ce quiz a été pris 623 fois
  • Le résultat moyen est 8 sur 16
Statistiques - réponses
Par images Réponse % Correct
Australie
87%
Nouvelle-Zélande
78%
Japon
77%
Japon
71%
États-Unis
69%
Thaïlande
61%
Taïwan
59%
Canada
51%
Chine
51%
Inde
47%
Australie
46%
Chine
41%
Russie
19%
Indonésie
18%
Brésil
16%
Philippines
12%
Aucun quiz correspondant
Distribution des résultats
% des personnes avec chaque résultat
Percentile par nombre de réponses
Votre historique - résultats
Vous n’avez pas pris ce quiz